000 00546nam a2200193Ia 4500
005 20250326144752.0
008 250326s9999 xx 000 0 und d
020 _a0-8144-7357-1
037 _aTextbook
040 _aFMSL
_beng
_cFMSL
041 _aeng
_2eng
084 _aS296 P6
_qFMSL
100 _aTracy Brian
245 0 _aPower of charms : How to win anyone over in any situation
_cTracy Brian; Arden Ron
260 _aN.Y
_bN.Y, AMACOM
_c2006
300 _aviii,145
942 _cTB
_hS296 P6
999 _c1304968
_d1304968